The Great 2000s Quiz Stats

Quiz Updated Feb 8, 2016

Challenge
Share
Tweet
Embed
Score 0/80 Timer 12:00
0 Plays Today
Year Answer % Correct
Nations with Most Troops in AfghanistanUnited States
89.7%
World Series WinnersNew York Yankees
84.4%
World Series WinnersNew York Yankees
84.4%
World Series WinnersBoston Red Sox
80.8%
World Series WinnersBoston Red Sox
80.8%
Super Bowl WinnersNew England Patriots
79.1%
Super Bowl WinnersNew England Patriots
79.1%
Super Bowl WinnersNew England Patriots
79.1%
Olympics Host CitiesBeijing, China
78%
Nations with Most Troops in AfghanistanUnited Kingdom
77.4%
Super Bowl WinnersNew York Giants
76.4%
Nations with Most Troops in AfghanistanFrance
73.5%
Olympics Host CitiesSydney, Australia
66.9%
Super Bowl WinnersPittsburgh Steelers
66.6%
Super Bowl WinnersPittsburgh Steelers
66.6%
Olympics Host CitiesAthens, Greece
65.7%
Nations with Most Troops in AfghanistanGermany
64.4%
Time Magazine Persons of the YearBarack Obama
64%
World Series WinnersSt. Louis Cardinals
63%
Time Magazine Persons of the YearGeorge W. Bush
62%
Time Magazine Persons of the YearGeorge W. Bush
62%
Most Watched TV Programs (US)Friends
60.5%
World Series WinnersChicago White Sox
59%
Super Bowl WinnersIndianapolis Colts
58%
Olympics Host CitiesSalt Lake City, United States
57.2%
Nations with Most Troops in AfghanistanItaly
53.1%
Nations with Most Troops in AfghanistanSpain
52.9%
World Series WinnersFlorida Marlins
51.4%
Super Bowl WinnersBaltimore Ravens
50.9%
World Series WinnersPhiladelphia Phillies
50.8%
Super Bowl WinnersSt. Louis Rams
49.2%
World Series WinnersArizona Diamondbacks
48%
World Series WinnersAnaheim Angels
45%
Most Watched TV Programs (US)American Idol
43.7%
Most Watched TV Programs (US)American Idol
43.7%
Most Watched TV Programs (US)American Idol
43.7%
Most Watched TV Programs (US)American Idol
43.7%
Most Watched TV Programs (US)American Idol
43.7%
Most Watched TV Programs (US)American Idol
43.7%
Super Bowl WinnersTampa Bay Buccaneers
42.8%
Year Answer % Correct
Olympics Host CitiesTurin, Italy
41.4%
Nations with Most Troops in AfghanistanAustralia
39.2%
Oscar Winners for Best PictureCrash
36.4%
Oscar Winners for Best PictureThe Hurt Locker
34.8%
Oscar Winners for Best PictureGladiator
32%
Oscar Winners for Best PictureThe Lord of the Rings: The Return of the King
30.7%
Oscar Winners for Best PictureSlumdog Millionaire
30.6%
Nations with Most Troops in AfghanistanPoland
28.8%
Oscar Winners for Best PictureNo Country for Old Men
27.4%
Time Magazine Persons of the YearThe Good Samaritans
25.2%
Most Watched TV Programs (US)Survivor: Australian Outback
24.7%
Oscar Winners for Best PictureMillion Dollar Baby
24.4%
Most Watched TV Programs (US)CSI
24%
Oscar Winners for Best PictureThe Departed
23.9%
Oscar Winners for Best PictureChicago
22.2%
Oscar Winners for Best PictureA Beautiful Mind
22.1%
Nations with Most Troops in AfghanistanTurkey
20.3%
Time Magazine Persons of the YearYou
20.1%
Grammy Winners for Record of the YearU2 (Walk On)
13.4%
Grammy Winners for Record of the YearU2 (Beautiful Day)
13.4%
New UN MembersSerbia* (as currently known)
13.3%
New UN MembersMontenegro
12.9%
New UN MembersSwitzerland
12.1%
Time Magazine Persons of the YearVladimir Putin
10.9%
Grammy Winners for Record of the YearColdplay (Clocks)
9.7%
Time Magazine Persons of the YearRudolph Giuliani
9.5%
New UN MembersTimor-Leste
9.4%
Grammy Winners for Record of the YearRay Charles and Norah Jones (Here We Go Again)
8.8%
Grammy Winners for Record of the YearNorah Jones (Don't Know Why)
8.4%
Grammy Winners for Record of the YearGreen Day (Boulevard of Broken Dreams)
7.5%
Most Watched TV Programs (US)Who Wants to Be a Millionaire
7.4%
Nations with Most Troops in AfghanistanRomania
7.2%
Grammy Winners for Record of the YearAmy Winehouse (Rehab)
5.7%
Grammy Winners for Record of the YearSantana featuring Rob Thomas (Smooth)
5.5%
Time Magazine Persons of the YearThe American soldier
4.5%
New UN MembersTuvalu
3.7%
Grammy Winners for Record of the YearDixie Chicks (Not Ready to Make Nice)
3.6%
Time Magazine Persons of the YearThe Whistleblowers
3.5%
Grammy Winners for Record of the YearAlison Krauss and Robert Plant (Please Read the Letter)
3.3%
Time Magazine Persons of the YearBen Bernanke
3.3%

You're not logged in!

Compare scores with friends on all Sporcle quizzes.
Join for Free
OR
Log In

You Might Also Like...

Show Comments

Extras

Top Quizzes Today


Score Distribution

Your Account Isn't Verified!

In order to create a playlist on Sporcle, you need to verify the email address you used during registration. Go to your Sporcle Settings to finish the process.

Report this User

Report this user for behavior that violates our Community Guidelines.

Details: